000 00388nam a2200121Ia 4500
008 151213s9999 xx 000 0 und d
245 _aপ্রত্যহ জীবন
260 _aপশ্চিম বঙ্গ।
_bলেখক শিল্পি সঙ্গ।
_c2006
300 _a8685 p.
650 _aBangla
650 _aস্মারক গ্রন্থ।
999 _c4471
_d4471